header

Children of addiction (Record no. 64513)

MARC details
000 -LEADER
fixed length control field 01413nam a2200361Ia 4500
082 04 - DEWEY DECIMAL CLASSIFICATION NUMBER
Classification number 362.29/13
245 00 - TITLE STATEMENT
Title Children of addiction
260 ## - PUBLICATION, DISTRIBUTION, ETC. (IMPRINT)
Place of publication New York :
Name of publisher RoutledgeFalmer,
Year of publication 2000.
300 ## - PHYSICAL DESCRIPTION
Number of Pages xiv, 234 p. :
Other physical details ill.
650 #0 - SUBJECT ADDED ENTRY--TOPICAL TERM
Topical Term Children of alcoholics.
Topical Term Children of drug addicts.
Topical Term Alcoholics
Topical Term Parents
700 1# - ADDED ENTRY--PERSONAL NAME
Personal name Fitzgerald, Hiram E.
Personal name Lester, Barry M.
Personal name Zuckerman, Barry S.
856 40 - ELECTRONIC LOCATION AND ACCESS
Uniform Resource Identifier http://site.ebrary.com/lib/rucke/Doc?id=10053739

No items available.

© 2026 Rongo University
Contact us: librarian | system librarian | Rongo university